Kursus memahami petunjuk ekonomi dan kewangan : 14 - 16 Mac 2016

Bibliographic Details
Corporate Authors: Kursus memahami petunjuk ekonomi dan kewangan, INSPEN ( Institut Penilaian Negara )
Format: Book
Language:Malay
Subjects:

MARC

LEADER 00000cam a2200000 7i4500
001 0000027376
005 20170329.0
008 170224 my a may
040 |a INS   |b eng   |c INS   |e rda 
090 0 0 |a E32 
110 1 |a Kursus memahami petunjuk ekonomi dan kewangan ,   |d 2016 14 - 16 Mac   |c INSPEN, Bangi 
245 0 0 |a Kursus memahami petunjuk ekonomi dan kewangan :   |b 14 - 16 Mac 2016   |c Anjuran Pusat Pengurusan dan Teknologi Maklumat, INSPEN 
264 0 |a Bangi :   |b Institut Penilaian Negara   |c 2016 
300 |a 1 volume( Various pagings ) :   |b illustrations ;   |c 30 cm. 
336 |a text  |2 rdacontent 
337 |a unmediated  |2 rdamedia 
338 |a volume  |2 rdacarrier 
650 0 |a Economic 
650 0 |a Finance 
710 1 |a INSPEN ( Institut Penilaian Negara ) 
999 |a E000000080   |b BOOK   |c Course Notes   |e Default branch 
999 |a E000000081   |b BOOK   |c Course Notes   |e Default branch 
999 |a E000000087   |b BOOK   |c Course Notes   |e Default branch